| 000 | 01332nam a2200265 i 4500 | ||
|---|---|---|---|
| 001 | 21761 | ||
| 003 | ES-MaACL | ||
| 005 | 20250731001134.0 | ||
| 007 | t| | ||
| 008 | 021127s1872 sp |||| | spa d | ||
| 100 | 1 |
_aAlcocer, Pedro de. _919564 |
|
| 245 | 1 | 0 |
_aRelación de algunas cosas que pasaron en estos reinos desde que murió la reina católica doña Isabel, hasta que se acabaron las comunidades en la ciudad de Toledo / _cPedro de Alcocer ; ilustrada con un prólogo, varias notas y apéndices [por Antonio Martín Gamero]. |
| 260 |
_aSevilla : _b[s.n.], _c1872 ( _fImp. y Librería Española y Extrangera de D. Rafael Tarascó) |
||
| 300 |
_aXXXI, 220 p. ; _c23 cm. |
||
| 490 | 1 |
_aSociedad de Bibliófilos Andaluces. _aPrimera Serie |
|
| 530 | _aDisponible en formato digital. | ||
| 651 | 4 |
_aToledo- _xHistoria- _yS.XVI. _9142468 |
|
| 651 | 7 |
_aCastilla (Reino)- _xHistoria- _y1520-1521, Rebelión de los comuneros _2 _9142469 |
|
| 651 | 4 |
_aEspaña- _xHistoria- _y1516-1556, Carlos I. _98224 |
|
| 700 | 1 |
_aMartin Gamero, Antonio. _9129555 |
|
| 830 | 1 |
_aSociedad de Bibliófilos Andaluces. _aPrimera Serie _9182018 |
|
| 852 |
_aES-MaACL _jZ-99(1) _z- Enc. con otra obra _xOlim: B-5549 |
||
| 856 |
_uhttp://bdh-rd.bne.es/viewer.vm?id=0000147866&page=1 _zBiblioteca Digital Hispánica |
||
| 999 |
_c21761 _d21761 |
||